Diskriminácia a viacnásobná diskriminácia pohľady verejnosti na diskrimináciu, rovnosť a rovné zaobchádzanie
Guardado en:
| Autor principal: | |
|---|---|
| Otros Autores: | |
| Formato: | Libro |
| Lenguaje: | eslovaco |
| Publicado: |
Bratislava
Inštitút pre verejné otázky
2010
|
| Colección: | Pracovné zošity
|
| Materias: | |
| Etiquetas: |
Sin Etiquetas, Sea el primero en etiquetar este registro!
|
MARC
| LEADER | 00000nam a2200000 4500 | ||
|---|---|---|---|
| 001 | 0125400 | ||
| 005 | 20230109114456.1 | ||
| 020 | |a 978-80-89345--24-3 | ||
| 041 | 0 | |a slo | |
| 044 | |a SK | ||
| 245 | 1 | 0 | |a Diskriminácia a viacnásobná diskriminácia |b pohľady verejnosti na diskrimináciu, rovnosť a rovné zaobchádzanie |c Martina Sekulová, Oľga Gyárfášová |
| 264 | 1 | |a Bratislava |b Inštitút pre verejné otázky |c 2010 | |
| 300 | |a 72 s. | ||
| 490 | 1 | |a Pracovné zošity | |
| 830 | 0 | |a Pracovné zošity | |
| 610 | 2 | 0 | |a diskriminácia |
| 610 | 2 | 0 | |a problémy spoločenské |
| 610 | 2 | 0 | |a práva ľudské |
| 610 | 2 | 0 | |a Slovensko |
| 100 | 1 | |a Sekulová, Martina | |
| 700 | 1 | |a Gyárfášová, Oľga | |